[Event "73rd Tata Steel GMA"]
[Site "Wijk aan Zee NED"]
[Date "2011.01.21"]
[Round "6"]
[White "Shirov, Alexei"]
[Black "Kramnik, Vladimir"]
[Result "0-1"]
[WhiteTitle "GM"]
[BlackTitle "GM"]
[WhiteElo "2722"]
[BlackElo "2784"]
[WhiteFideId "2209390"]
[BlackFideId "4101588"]
[Annotator "Michiel Abeln"]
[EventDate "2011.01.14"]

1. e4 e5 2. Nf3 Nc6 3. d4 exd4 4. Nxd4 Nf6 5. Nxc6 bxc6 6. e5 Qe7 7. Qe2 Nd5 8.
c4 Nb6 9. Nc3 Bb7 10. Bd2 g6 (10... O-O-O 11. O-O-O Re8 12. f4 f6 13. exf6 gxf6
14. Qh5 Rd8 15. Bd3 Qg7 16. Qa5 Qxg2 17. Qxa7 Qh3 18. Kc2 Rg8 19. a4 d5 20. a5
dxc4 21. Bf1 Qf5+ 22. Kc1 Bc5 23. axb6 Rxd2 24. Rxd2 Be3 25. Nb1 cxb6 26. Bxc4
Qc5 27. b3 Kc7 28. Qa2 b5 29. Qa5+ Kb8 30. Kd1 Bc8 31. Be2 Qf5 32. Rd3 Qe4 33.
Rf1 Rg2 34. Nc3 Qe6 35. Qa2 b4 36. Na4 Ba6 37. Qc2 Bd4 38. Re1 Bf2 39. Rf1 Bd4
40. Re1 {Motylev,A (2570)-Zhang Zhong (2607)/Linares 2001/CBM 081/1-0}) 11. Ne4
O-O-O 12. a4 $146 (12. f4 c5 13. O-O-O Bg7 14. h4 d6 15. h5 h6 16. Nf6 Bxf6 17.
Qg4+ Qd7 18. Qxd7+ Nxd7 19. exf6 Nxf6 20. hxg6 fxg6 21. Bc3 Rhf8 22. Rxh6 Ne4
23. Ba5 Rxf4 24. Rxg6 Nf2 25. Re1 Rf7 26. Be2 Rh8 27. Kd2 Rh2 28. Rg1 Bc6 29.
Ke1 Kb7 30. Rg3 Be4 31. Re3 Rxg2 32. Rxg2 {1/2-1/2 Alonso,R-Sidenko,A/LSS
email 2006/Corr 2011}) 12... Ba6 13. Qe3 Qxe5 14. Bc3 Bb4 15. Bxb4 Rhe8 16. f3
d5 17. a5 (17. cxd5 Bxf1 18. Kxf1 cxd5 19. a5 dxe4 (19... Nd7 20. Bc3 Qe6 21.
Qxa7 dxe4 22. a6 Qc4+ 23. Kf2 Nc5 24. Kg3 Qd5) 20. axb6 Qb5+ 21. Kf2 Qxb4 22.
bxa7 Kb7) 17... Nxc4 18. Qxa7 Qxb2 19. Qxa6+ Kd7 20. Rd1 (20. Bxc4 Qxa1+ 21.
Kf2 Qd4+ 22. Kg3 Rxe4 23. Bxd5 (23. fxe4 Qe3+ 24. Kh4 g5+ 25. Kh5 Qxe4 26. g3
Qxh1) 23... Qe5+ 24. Kf2 Qxd5 25. fxe4 Qd4+ 26. Kf3 Rb8) 20... Qxb4+ 21. Kf2
Rxe4 22. fxe4 Qc5+ 23. Ke1 Qb4+ 24. Kf2 Qc5+ 25. Ke1 Nb2 26. exd5 Qc3+ 27. Rd2
Qc1+ (27... Re8+ 28. Be2 Qc1+ 29. Kf2 Qxd2 30. Rb1 (30. Qxc6+ Ke7 31. Qb5 (31.
Rf1 Kf8 32. Kg1 Rxe2) 31... Qd4+ 32. Kf1 Nd1) 30... Qxd5 31. Bf3 Qd2+ 32. Kg3
Qd6+ 33. Kh3 Nd3) 28. Ke2 Re8+ 29. Kf3 Qxd2 30. Qxc6+ Kd8 31. Qf6+ Re7 32. Kg4
(32. Ba6 Qe3+ 33. Kg4 Nd3 34. Qh8+ Kd7 35. Bc8+ Kd6 36. Qf6+ Re6 37. Qd8+ Kc5
38. Qxc7+ Kd4 39. Qa7+ Nc5 40. Bxe6 f5+ 41. Bxf5 gxf5+ 42. Kxf5 Qe4+ 43. Kg5
Qxg2+ 44. Kf4 Qxh1 45. Qxh7) (32. Kg3 Qe3+ 33. Kh4 Qe4+ 34. Kg5 Qxd5+ 35. Kh6)
32... Nd1 33. Qh8+ Kd7 34. Bb5+ c6 35. Bxc6+ Kc7 36. d6+ Qxd6 37. Rxd1 Qxd1+
38. Bf3 h5+ 39. Kg3 Qe1+ 40. Kh3 Qe6+ 41. Kh4 g5+ 42. Kxg5 Qg6+ 43. Kf4 f6 0-1

[Event "73rd Tata Steel GMA"]
[Site "Wijk aan Zee NED"]
[Date "2011.01.21"]
[Round "6"]
[White "Aronian, Levon"]
[Black "Wang, Hao"]
[Result "1/2-1/2"]
[WhiteTitle "GM"]
[BlackTitle "GM"]
[WhiteElo "2805"]
[BlackElo "2731"]
[WhiteFideId "13300474"]
[BlackFideId "8602883"]
[Annotator "Michiel Abeln"]
[EventDate "2011.01.14"]

1. d4 d5 2. c4 c6 3. Nf3 Nf6 4. Nc3 dxc4 5. a4 Bf5 6. e3 e6 7. Bxc4 Bb4 8. O-O
Nbd7 9. Qe2 Bg4 10. h3 Bxf3 11. Qxf3 O-O 12. Rd1 Rc8 {Probably not black's
best option} 13. e4 e5 14. d5 (14. Be3 Qa5 15. Qf5 exd4 16. Qxa5 Bxa5 17. Bxd4
Rfe8 18. f3 a6 19. Kf2 Ne5 20. Be2 Rcd8 21. Be3 h5 22. g4 hxg4 23. hxg4 Ng6 24.
Rxd8 Rxd8 25. Kg3 Re8 26. Rd1 Bc7+ 27. Kf2 Re7 28. Bf1 Nf4 29. g5 Nh7 30. Bxf4
Bxf4 31. Rd8+ Nf8 32. g6 b5 33. Bh3 fxg6 34. Ra8 bxa4 35. Bf1 Kf7 36. Bc4+ Ne6
37. Ne2 Bd6 38. f4 Kf6 39. e5+ Bxe5 40. fxe5+ Kxe5 41. Bxe6 Kxe6 42. Rxa6 Rb7
43. Nf4+ Ke5 {Leko,P (2741)-Gelfand,B (2734)/Moscow 2006/CBM 116/1-0 (79)})
14... cxd5 15. Bxd5 Bxc3 16. bxc3 Nxd5 17. Rxd5 {Aronian had studied this
position long time ago (meaning about 6 months ago!).} Qc7 18. Qg3 $146 (18.
Be3 Nb6 19. Rc5 Qb8 20. Rd1 {1/2-1/2 L'Ami,E (2516)-Sedlak,N (2521)/Germany
2005/CBM 107}) 18... Nb6 19. Rxe5 f6 20. Rb5 Qxg3 21. fxg3 Rf7 22. Bf4 g5 ({
Probably black should have played} 22... Nc4 23. Rd1 b6 24. Kf2 Re7 25. Rd4 Rc6
{and Aronian's summary of the position was, 'black has no problems but will be
in trouble!'}) 23. Be3 Rxc3 24. Bf2 Rc4 25. Ra5 Nc8 26. e5 b6 27. Rd5 fxe5 28.
Rxe5 h6 29. Re8+ Kh7 30. Rd1 Rcc7 31. h4 (31. g4 Ne7 32. Bg3 Rb7 33. Rd6 Ng6
34. Ree6 Rg7 35. Bf2 Rbe7) 31... Ne7 32. Rdd8 {With hindsight one can say
Arionian was too optimistic here} ({A very serious alternative was} 32. h5)
32... Kg6 33. g4 Rc1+ 34. Kh2 Rxf2 35. h5+ Kg7 36. Rxe7+ Rf7 37. Re6 {From
here on Wang Hao defends very precisely} Rc4 38. Rg6+ Kh7 39. Rdd6 Rxg4 40.
Rxh6+ Kg8 41. Rdg6+ Rg7 42. a5 Rxg6 43. Rxg6+ Kh7 44. g3 Rc4 45. axb6 axb6 46.
Kh3 (46. Rxg5 Kh6 47. Rb5 Rc5) (46. Rxb6 g4 47. Rg6 Rc5) 46... g4+ 47. Kh4 b5
48. Kg5 b4 49. Rh6+ Kg7 50. Rd6 Rc5+ 51. Kxg4 Rb5 1/2-1/2

[Event "73rd Tata Steel GMA"]
[Site "Wijk aan Zee NED"]
[Date "2011.01.21"]
[Round "6"]
[White "Giri, Anish"]
[Black "Nepomniachtchi, Ian"]
[Result "0-1"]
[WhiteTitle "GM"]
[BlackTitle "GM"]
[WhiteElo "2686"]
[BlackElo "2733"]
[WhiteFideId "24116068"]
[BlackFideId "4168119"]
[Annotator "Michiel Abeln"]
[EventDate "2011.01.14"]

1. d4 Nf6 2. c4 g6 3. Nc3 d5 4. cxd5 Nxd5 5. e4 Nxc3 6. bxc3 Bg7 7. Nf3 c5 8.
Be3 Bg4 9. Rc1 Bxf3 (9... Qa5 10. Qd2 Nc6 11. d5 Bxf3 12. gxf3 Rd8 13. Bd3 O-O
14. O-O Qc7 15. Rfd1 b6 16. Qe2 Ne5 17. Bb5 g5 18. f4 Ng6 19. fxg5 f6 20. gxf6
Rxf6 21. Kh1 Qe5 22. f3 Rdf8 23. Rf1 Nh4 24. Bd7 Rxf3 25. Rxf3 Qxe4 26. Be6+
Kh8 27. Bd4 Qxf3+ 28. Qxf3 Rxf3 29. Bxg7+ Kxg7 30. Kg1 Kf6 31. Bg4 Rf4 32. h3
Ng6 33. Kg2 Ra4 34. Kg3 Rxa2 35. Rf1+ Kg7 36. Be6 Ra3 37. Rf7+ Kh6 38. Rf3 b5 {
0-1 Karjakin,S (2725)-Svidler,P (2750)/Nice 2010/CBM 135 Extra}) 10. gxf3 cxd4
11. cxd4 O-O 12. f4 $146 (12. Qd2 e6 13. Bg2 Nc6 14. d5 exd5 15. exd5 Ne7 16.
f4 Nf5 17. O-O Re8 18. Rfd1 Nd6 19. a4 Qd7 20. Qb4 a5 21. Qb6 Bf8 22. Qb3 b5
23. axb5 a4 24. Qd3 Nxb5 25. d6 Rac8 26. Rc5 Nxd6 27. Rd5 Qc7 28. Bd4 Qc4 29.
Qh3 Qb3 30. Be5 Nc4 31. R5d3 Qb5 32. Bd5 Nxe5 33. fxe5 Rc7 34. e6 Kg7 35. exf7
Re5 36. Qg3 Rce7 37. Qf4 {1/2-1/2 Sundararajan,K (2449)-Gopal,G (2609)/New
Delhi 2010/CB00_2011}) (12. d5) 12... e6 13. Bg2 Nc6 14. e5 (14. d5 {is drawish
} exd5 15. Qxd5 Nb4 16. Qxd8 Rfxd8 17. O-O Nxa2 18. Rc7 b5 19. e5 Rac8 20. Rxa7
) 14... Qa5+ ({a reasonable alternative is} 14... Nb4 15. Bxb7 Rb8 {is more or
less equal} 16. Bg2 Nxa2 17. Rc5) 15. Qd2 Qa6 16. Qe2 Qa5+ 17. Qd2 Qa6 {And
here white decides not to continue with repetition} 18. Bf1 Qa4 19. Rc4 Qb5 20.
Rc5 Qb1+ 21. Ke2 Qe4 (21... Nxd4+ 22. Qxd4 Rad8 23. Qa4) 22. f3 (22. Rg1 Rad8 {
is better for black}) 22... Qf5 23. h4 {Not only an attacking move, but also
taking away important squares from the black queen} (23. Kf2 Rad8 24. d5 exd5
25. Rxd5 Bh6 26. Bc4 Rxd5 27. Bxd5 Qh3) 23... Qh5 {to keep queen} 24. Bf2 ({A
better option was} 24. d5 exd5 25. Rxd5 Rad8 26. Kf2 Rxd5 27. Qxd5 Rd8 28. Qe4
Bf8 29. Bc4) 24... Rfd8 25. Bh3 Bf8 26. Bg4 Qh6 ({Because black has the
initiave in the game, there is no need to step on the break:} 26... Qxg4 27.
fxg4 Bxc5) 27. Rc4 ({The game continues after} 27. Rcc1 Bb4 28. Qb2 Qf8 {
although black is clearly better, he's far from winning}) 27... Rd5 28. h5 Rad8
29. Rh3 Bc5 30. hxg6 Qxg6 31. f5 (31. Qc2 Nxd4+ 32. Bxd4 Bxd4 33. Qxg6+ hxg6
34. Rc2 {is no picnic either}) 31... exf5 32. Bh5 Nxd4+ 33. Kf1 Nxf3 34. Qxd5
Rxd5 35. Bxf3 (35. Bxg6 Nd2+ 36. Kg2 Nxc4 37. Bxh7+ Kf8 38. Bxc5+ Rxc5 39. Bxf5
Nxe5) 35... Bxf2 36. Bxd5 Qg1+ 37. Ke2 Qe1+ 38. Kf3 Qf1 0-1

[Event "73rd Tata Steel GMA"]
[Site "Wijk aan Zee NED"]
[Date "2011.01.21"]
[Round "6"]
[White "Smeets, Jan"]
[Black "Carlsen, Magnus"]
[Result "0-1"]
[WhiteTitle "GM"]
[BlackTitle "GM"]
[WhiteElo "2662"]
[BlackElo "2814"]
[WhiteFideId "1007246"]
[BlackFideId "1503014"]
[Annotator "Michiel Abeln"]
[EventDate "2011.01.14"]

1. e4 e5 2. Nf3 Nc6 3. Bb5 Nf6 4. O-O Nxe4 5. d4 Nd6 6. Bxc6 dxc6 7. dxe5 Nf5
8. Qxd8+ Kxd8 9. Nc3 Bd7 10. h3 b6 11. b3 (11. Rd1 Kc8 12. g4 Ne7 13. Ng5 f6
14. Nf7 Rg8 15. Ne4 fxe5 16. Nxe5 Be8 17. f4 Nd5 18. b3 a5 19. a4 Kb7 20. c4
Nf6 21. Ng3 h5 22. g5 h4 23. Nf5 Ne4 24. Be3 Rh8 25. Kg2 g6 26. Nd4 Bd6 27.
Ndf3 c5 28. Rd3 Ng3 29. Re1 Rh7 30. Nxh4 Bxe5 31. Kxg3 Bd6 32. Nf3 Bd7 33. h4
Rah8 34. Bd2 Bc6 35. Bc3 Rf8 36. Ne5 Rg8 37. Ng4 Bxf4+ 38. Kxf4 Rxh4 39. Bf6 {
1-0 Rasmussen,A (2513)-Pedersen,N (2417)/Denmark 2008/EXT 2010}) 11... Kc8 12.
Bb2 h5 $146 (12... h6 13. Rad1 Ne7 14. Nd4 c5 15. Nde2 h5 16. Nf4 Bf5 17. Rd2
Kb7 18. Ncd5 Nxd5 19. Nxd5 Rd8 20. Rfd1 h4 21. c4 Re8 22. f4 Rh5 23. Kf2 Be6
24. Kf3 Kc8 25. Bc3 Kb7 26. Ne3 Be7 27. Rf2 g6 28. Ke4 Rg8 29. Rfd2 Kc8 {1/2-1/
2 Emms,J (2537)-Ferguson,M (2376)/Birmingham 2002/CBM 084 ext}) 13. g3 (13.
Rad1 Be7 14. Ne2 c5) 13... Be7 14. Rad1 a5 15. a4 (15. Ne4 a4 16. Nfg5) 15...
Re8 16. Rd3 (16. Ne4) 16... c5 17. Nd5 c4 18. Rc3 (18. bxc4 Bxa4) 18... Bc5 19.
Kh2 Bc6 20. bxc4 Bxa4 21. Ra1 Bc6 22. Rf1 (22. Kg2) 22... a4 23. Ba3 Ra5 24. g4
hxg4 25. hxg4 Ne7 26. Nb4 Bb7 27. Kg3 Ng6 28. Re1 Bxf3 29. Rxf3 Rxe5 30. Rd1
Re4 31. Rxf7 Rxg4+ 32. Kxg4 Ne5+ 33. Kg3 Nxf7 0-1